| 000 | 00985cam a22003015a 4500 | ||
|---|---|---|---|
| 999 |
_c21749 _d21721 |
||
| 001 | ssj0001524648 | ||
| 003 | OSt | ||
| 005 | 20201203140830.0 | ||
| 008 | 141106t2016 moua frb 001 0 eng d | ||
| 020 | _a9781455753284 | ||
| 040 |
_aYDXCP _beng _cYDXCP _dOCLCO _dWaSeSS _dEG-ScBUE |
||
| 082 | 0 | 4 |
_a617.605 _bKAD _222 |
| 100 | 1 |
_aKademani, Deepak. _939984 |
|
| 245 | 1 | 0 |
_aAtlas of oral & maxillofacial surgery / _cDeepak Kademani, Paul S. Tiwana. |
| 246 | 3 | _aAtlas of oral and maxillofacial surgery | |
| 260 |
_aMissouri : _bElsevier, _cc.2016. |
||
| 300 |
_axxxii, 1485 p. : _bill. ; _c29 cm. |
||
| 500 | _aIndex : p. 1447-1485. | ||
| 504 | _aIncludes bibliographical references. | ||
| 506 | _aAvailable on campus and off campus with authorized login. | ||
| 650 | 7 |
_aMouth _xSurgery. _2BUEsh _936856 |
|
| 650 | 7 |
_aFace _xSurgery. _935960 _2BUEsh |
|
| 650 | 7 |
_935959 _aMaxilla _xSurgery _2BUEsh |
|
| 651 | _2BUEsh | ||
| 653 | _cMay2016 | ||
| 700 | 1 | _aTiwana, Paul S. | |
| 942 | _2ddc | ||